Actividad postural refleja anormal causada por lesiones cerebrales (Registro nro. 83587)
[ vista simple ]
| 000 -ENCABEZADO | |
|---|---|
| Número de control [NR] | 01064nam a22002897a 4500 |
| 005 - FECHA Y HORA DE LA ÚLTIMA TRANSACCIÓN | |
| control field | 20211025102941.0 |
| 008 - DE LONGITUD FIJA DE DATOS DE ELEMENTOS - INFORMACIÓN GENERAL | |
| Elementos de longitud fija [NR] | 130821s1987 ag gr spa |
| 020 ## - NUMERO INTERNACIONAL NORMALIZADO PARA LIBROS [R] | |
| Número Internacional Normalizado del libro [NR] | 9500601915 |
| 040 ## - FUENTE DE CATALOGACION [NR] | |
| Agencia de catalogación original [NR] | CO-BoUCM |
| Idioma de catalogación [NR] | spa |
| Quien Cataloga | Jose A. Gerena (modificó) |
| Quien Clasifica | [Nuevo] |
| 041 00 - CODIGO DE IDIOMA [R] | |
| Código de idioma para texto/pista de sonido o título separado [R] | Español |
| 060 ## - SIGNATURA TOPOGRAFICA DE LA BIBLIOTECA NACIONAL DE MEDICINA (NLM) [R] | |
| Número clasificador [R] | WS 107.5 P7 |
| 100 1# - ASIENTO PRINCIPAL--NOMBRE PERSONAL [NR] | |
| Nombre personal [NR] | Bobath, Berta |
| ID Autoridad | 65330 |
| 245 10 - MENCION DE TITULO [NR] | |
| Título [NR] | Actividad postural refleja anormal causada por lesiones cerebrales |
| Mención de responsabilidad, etc. [NR] | Berta Bobath ; Traducción de Mario A. Mariño |
| 250 ## - MENCION DE EDICION [NR] | |
| Mención de edición [NR] | 3a ed |
| 260 ## - PUBLICACION, DISTRIBUCION, ETC. (PIE DE IMPRENTA) [R] | |
| Lugar de publicación, distribución, etc. [R] | Buenos Aires (Argentina) |
| Nombre del editor, distribuidor, etc. [R] | Médica Panamericana |
| Fecha de publicación, distribución, etc. [R] | 1987 |
| 300 ## - DESCRIPCION FISICA [R] | |
| Extensión [R] | 104 páginas |
| 650 07 - ASIENTO SECUNDARIO DE MATERIA - TERMINO TEMATICO [R] | |
| Término temático o nombre geográfico como elemento de entrada [NR] | Fisioterapia |
| 9 (RLIN) | 15956 |
| 650 07 - ASIENTO SECUNDARIO DE MATERIA - TERMINO TEMATICO [R] | |
| Término temático o nombre geográfico como elemento de entrada [NR] | Neurología |
| 9 (RLIN) | 20299 |
| 650 07 - ASIENTO SECUNDARIO DE MATERIA - TERMINO TEMATICO [R] | |
| Término temático o nombre geográfico como elemento de entrada [NR] | Niños con daño cerebral |
| 9 (RLIN) | 20357 |
| 650 07 - ASIENTO SECUNDARIO DE MATERIA - TERMINO TEMATICO [R] | |
| Término temático o nombre geográfico como elemento de entrada [NR] | Postura humana infantil |
| Subdivisión general [R] | Desordenes |
| 9 (RLIN) | 22130 |
| 650 07 - ASIENTO SECUNDARIO DE MATERIA - TERMINO TEMATICO [R] | |
| Término temático o nombre geográfico como elemento de entrada [NR] | Reflejos (Fisiología) |
| 9 (RLIN) | 23264 |
| 650 07 - ASIENTO SECUNDARIO DE MATERIA - TERMINO TEMATICO [R] | |
| Término temático o nombre geográfico como elemento de entrada [NR] | Rehabilitación |
| 9 (RLIN) | 361 |
| 650 07 - ASIENTO SECUNDARIO DE MATERIA - TERMINO TEMATICO [R] | |
| Término temático o nombre geográfico como elemento de entrada [NR] | Trastornos psicomotores en niños |
| 9 (RLIN) | 25797 |
| 690 ## - ASUNTO AGREGADO LOCAL DE ENTRADA - TÉRMINO TEMÁTICO (OCLC, RLIN) | |
| Acceso temático local | Pediatría |
| 9 (RLIN) | 21221 |
| 765 1# - ASIENTO DE IDIOMA ORIGINAL [R] | |
| Asiento principal [NR] | Abnormal postural reflex activity caused by brain lesions. |
| 942 ## - ELEMENTOS DE ENTRADA AGREGADOS (KOHA) | |
| Tipo de ítem principal el descrito en 300a | Libro |
| Tema principal | Medicina |
| Edición | 3 |
| Parte restante de la signatura top. | B663a |
| Sistema de clasificación | NLM |
| Clasificación | WS 107.5.P7 |
| Título oculto en OPAC | No |
| Fecha de último préstamo | Total préstamos | Total Renewals | Signatura topográfica | Código de barras | Última vez visto | Ejemplar | Price effective from | Tipo de ítem | Perdido | Sistema de clasificación | Dañado | No prestable | Tipo de ítem específico | Suprimido | Ubicación habitual | Ubicación actual | Localización | Fecha de creación | Forma de adquisición | Costo | Volúmen / Fascículo |
|---|---|---|---|---|---|---|---|---|---|---|---|---|---|---|---|---|---|---|---|---|---|
| 01/11/2013 | 146 | WS 107.5.P7 B663a | 200005208 | 06/12/2017 | Ej.5 | 03/02/2013 | Libro | NLM | Libro | Bodega | Bodega | Préstamo 4 días después de solicitado | 28/02/2003 | Compra | 48000.00 | 3a. Ed. | |||||
| 10/03/2025 | 150 | 10 | WS 107.5.P7 B663a | 200004402 | 12/12/2025 | Ej.1 | 03/02/2013 | Libro | NLM | Libro | Quinta de Mutis | Quinta de Mutis | 2do piso | 28/02/2003 | Donación | 0.00 | |||||
| 13/09/2019 | 214 | 8 | WS 107.5.P7 B663a | 200007525 | 12/12/2025 | Ej.6 | 03/02/2013 | Libro | NLM | Libro | Quinta de Mutis | Quinta de Mutis | 2do piso | 28/02/2003 | Compra | 38000.00 | 3a. Ed. | ||||
| 16/04/2026 | 101 | 4 | WS 107.5.P7 B663a | 200003112 | 14/05/2026 | Ej.2 | 03/02/2013 | Libro | NLM | Libro | Quinta de Mutis | Quinta de Mutis | 2do piso | 28/02/2003 | Compra | 26400.00 | 3a. Ed. | ||||
| 24/02/2020 | 166 | 7 | WS 107.5.P7 B663a | 200006995 | 12/12/2025 | Ej.4 | 03/02/2013 | Libro | NLM | Libro | Quinta de Mutis | Quinta de Mutis | 2do piso | 28/02/2003 | Compra | 48000.00 | 3a. Ed. | ||||
| 10/02/2026 | 149 | 4 | WS 107.5.P7 B663a | 200003113 | 10/03/2026 | Ej.3 | 03/02/2013 | Libro | NLM | Libro | Quinta de Mutis | Quinta de Mutis | 2do piso | 28/02/2003 | Compra | 31000.00 | 3a. Ed. |